Movies Quiz

Random Movies Quiz

Spirited away Quiz Stats

 Plays Quiz not verified by Sporcle

Score 0/8 Timer 10:00
0 Plays Today
Discription Character % Correct
White DragonHaku
94.3%
Main CharacterChihiro
91.6%
Sad voiceless spiritNo Face
91.2%
Witch of the bathhouseYubaba
87.1%
Other bathhouse worker befriended to main characterLin
77.9%
Twin SisterZeniba
72.4%
Giant Baby turned into a ratBoh
64.6%
Runs the Boiler RoomKamaji
64.2%

You're not logged in!

Compare scores with friends on all Sporcle quizzes.
OR
Log In

Show Comments

Extras

Created Nov 22, 2010ReportNominate
Tags:away, character

Top Quizzes Today


Score Distribution

Your Account Isn't Verified!

In order to create a playlist on Sporcle, you need to verify the email address you used during registration. Go to your Sporcle Settings to finish the process.

Report this User

Report this user for behavior that violates our Community Guidelines.

Details: